00550 2200205 4500001002100000005001500021035002000036007000300056008004100059082001000100084001600110100002500126245006400151250001100215260005500226300002900281650001400310990001000324990001000334INLIS00000000001205920260512091709 a0010-0526000002ta260512 g 0 ind  a657.9 a657.9 AKU a0 aAkuntabilitas bumdes1 aAkuntabilitas bumdes /cSeptarina Prita Dania Sofianti, dkk aCet. 1 aJember :bUPA Penerbitan Universitas Jember,c2026 aiii, 137 hlm ;c16x24 cm 4aAkuntansi a58297 a58298